ロード中...
Bhasha thatwa aur vakyapadiya/
| 第一著者: | |
|---|---|
| フォーマット: | Printed Book |
| 出版事項: |
New Delhi:
Bharatiya Prakashan,
1964.
|
| LEADER | 00369 a2200109 4500 | ||
|---|---|---|---|
| 100 | |a Sathyakaam Varma | ||
| 245 | |a Bhasha thatwa aur vakyapadiya/ |c Sathyakaam Varma | ||
| 260 | |a New Delhi: |b Bharatiya Prakashan, |c 1964. | ||
| 300 | |a 240p. | ||
| 942 | |2 ddc |c BK | ||
| 999 | |c 237864 |d 237864 | ||
| 952 | |0 0 |1 0 |4 0 |7 0 |9 264118 |a HIN |b HIN |c S-1 |d 2011-06-17 |i 11964 |l 0 |p HIN11964 |r 2011-06-17 |w 2014-02-07 |y BK | ||